[Event "Mephisto Cup (40/120')"]
[Site "?"]
[Date "2012.??.??"]
[Round "8"]
[White "Saitek Sparc, Renaissance"]
[Black "Saitek SH7034, Magellan"]
[Result "1/2-1/2"]
[WhiteElo "2246"]
[BlackElo "2229"]
[Annotator "xchessg"]
[PlyCount "109"]
[SourceDate "2009.11.09"]

{stufe f5} 1. d4 Nf6 2. c4 e6 3. Nc3 Bb4 4. Qc2 d5 5. cxd5 exd5 6. Bg5 h6 7.
Bh4 O-O {*Turnierbuch; +0.0} 8. e3 {[%eval -5,0] *Turnierbuch;} c6 {a Tempo} 9.
Bd3 b6 10. Nge2 {[%eval 34,0]} Ba6 {-0.1} 11. Bxa6 Nxa6 12. Qa4 Bxc3+ 13. Nxc3
Nb8 14. Rc1 Qd6 15. Bg3 {[%eval 61,0]} Qe6 {+0.1} 16. Ne2 Rc8 17. O-O {a Tempo}
a5 18. Nf4 Qe7 19. Nd3 Qb7 20. Rc2 {[%eval 79,0]} Na6 {+0.4} 21. Rfc1 c5 {a
tempo} 22. dxc5 bxc5 23. Nxc5 Nxc5 24. Rxc5 Rxc5 25. Rxc5 Qxb2 26. h3 {a Tempo}
Qb4 27. Qc6 Rd8 {a Tempo} 28. Kh2 a4 29. Be5 Ne4 30. Rxd5 {[%eval 138,0]} Rxd5
31. Qa8+ Kh7 32. Qxd5 f6 33. Bd4 Qe7 34. Kg1 Qe8 35. Qc4 Kg6 36. Qc2 Kf7 37.
Qc7+ Kg6 38. h4 Qb5 39. Qc2 Qf5 40. f3 Ng3 {+1.9} 41. Qxa4 {[%eval 124,0]} Qb1+
{+1.2} 42. Kf2 Nh1+ {a Tempo} 43. Ke2 Ng3+ 44. Kd2 Qf1 45. Qc2+ {[%eval 39,0]}
Kh5 {+0.7} 46. Kc3 Ne2+ 47. Kb3 Qxg2 48. Qf5+ Kxh4 49. a4 Ng1 $2 (49... h5 $16)
50. Qe4+ {[%eval 0,0]} (50. Qg4+ $1 Qxg4 51. fxg4 Kxg4 52. a5) 50... Kh5 {+0.1;
abgebrochen} (50... Kh3 51. Qg4+) 51. Qf5+ $2 {[%eval 0,0] nach 4'.04" grubeln;
mit Stellungswertung} (51. Qg4+ Qxg4 52. fxg4+ Kxg4 53. a5 $18) 51... Kh4 {+0.3
} 52. Qf4+ Kh5 53. Qf5+ Kh4 54. Qf4+ Kh5 55. Qf5+ 1/2-1/2

[Event "Mephisto Cup (40/120')"]
[Site "?"]
[Date "2012.??.??"]
[Round "9"]
[White "Saitek SH7034, Magellan"]
[Black "Saitek Sparc, Renaissance"]
[Result "1-0"]
[WhiteElo "2229"]
[BlackElo "2246"]
[Annotator "xchessg"]
[PlyCount "150"]
[SourceDate "2009.11.09"]

1. e4 e6 {Stufe f5} 2. d4 d5 3. Nc3 Bb4 4. Bd3 dxe4 5. Bxe4 Nf6 6. Bf3 c5 7. a3
Bxc3+ 8. bxc3 {Aktiv Buch; +0.0} O-O 9. Bg5 h6 {[%eval 26,0] *Turnierbuch;} 10.
Be3 {-0.6} cxd4 11. cxd4 e5 12. c3 {a Tempo} exd4 13. cxd4 Re8 {a Tempo} 14.
Ne2 Nd5 15. Qb3 {-0.2} Nxe3 16. fxe3 {a Tempo} Qa5+ 17. Kf2 Na6 18. Rac1 Rb8
19. e4 b5 20. Rhd1 {+0.1} b4 {[%eval 34,0]} 21. Ra1 {a Tempo} Qb6 22. Qa4 Re7
23. axb4 Nxb4 {a Tempo} 24. Kg1 f5 25. e5 {+0.3} Rxe5 {[%eval 15,0]} 26. Qxa7
Re8 27. Qxb6 Rxb6 28. Ra7 Kh8 29. Kf2 Ba6 30. h4 {+0.5; Totalzeit 1.35'} Nc6 {
[%eval -63,0] Totalzeit 1.16';} 31. Rd7 Bxe2 32. Re1 {a Tempo; +0.0} Rb4 33.
Bxc6 Rb2 34. Kg3 Rc8 35. Bb7 {+0.6} Rb8 36. Bd5 {a Tempo} Rd2 37. Bf7 {a Tempo}
Bd3 38. Bh5 Be4 {a Tempo} 39. Bf3 Rb3 40. Kf4 Bxf3 {[%eval -21,0]} 41. gxf3 Rh2
42. Kg3 Rbb2 43. Ree7 Rbg2+ 44. Kf4 Rxh4+ 45. Kxf5 {-0.1} Rg5+ 46. Ke6 h5 47.
Rf7 Rh2 {a Tempo} 48. f4 Re2+ 49. Kd6 {a Tempo} Rg6+ 50. Kc5 {+0.0} Rf2 {
[%eval -46,0]} 51. d5 Rg4 52. Rf5 h4 53. Rh5+ Kg8 54. f5 Re2 {a Tempo} 55. Ra7
Rc2+ 56. Kb5 {a Tempo} Rd2 57. Rd7 Rb2+ 58. Kc6 Rc2+ 59. Kd6 Ra2 {a Tempo} 60.
Rb7 {+0.0} Ra8 61. Re7 Ra6+ 62. Ke5 Raa4 63. Rd7 Rge4+ 64. Kd6 Ra6+ 65. Kc5 Rg4
66. Kb5 Raa4 67. Kc6 Rgc4+ $6 (67... Ra6+) 68. Kd6 Ra6+ $2 (68... Rg4) 69. Ke5
Rf6 70. Rd8+ {+0.5} Rf8 71. Rh8+ {a Tempo; +2.8} Kxh8 {[%eval 322,0]} 72. Rxf8+
Kh7 73. d6 {a Tempo} Rc5+ 74. Ke4 {a Tempo} Rc4+ 75. Kd5 {a Tempo; +2.6;
Totalzeit 3.04'} Rc3 {Totalzeit 2.51'} 1-0

[Event "Mephisto Cup (40/120')"]
[Site "?"]
[Date "2012.??.??"]
[Round "10"]
[White "Saitek Sparc, Renaissance"]
[Black "Saitek SH7034, Magellan"]
[Result "0-1"]
[WhiteElo "2246"]
[BlackElo "2229"]
[Annotator "xchessg"]
[PlyCount "121"]
[SourceDate "2009.11.09"]

{stufe f5} 1. d4 c5 2. d5 e6 3. e4 exd5 4. exd5 d6 5. Nf3 Be7 {Aktiv
Turnierbuch; +0.0} 6. Bc4 {[%eval 45,0] *Turnierbuch;} Nf6 7. O-O O-O 8. Re1
Re8 9. Na3 Bg4 10. Qd3 {[%eval 45,0]} a6 {-0.1} 11. Bb3 Qd7 12. Bf4 {a tempo}
Bf5 13. Qe2 Bd8 14. Qf1 {a tempo} b5 15. c4 Be4 {a tempo; +0.1} 16. cxb5 {
[%eval 60,0]} Ba5 17. Nd2 {a tempo} Bxd2 18. Bxd2 Bxd5 19. Rxe8+ {a tempo} Qxe8
20. Bxd5 {[%eval 158,0]} Nxd5 {+0.7} 21. Qd3 Nf6 22. Qxd6 axb5 23. Qxc5 Nbd7 {
a tempo} 24. Qb4 Qe2 {a tempo} 25. Be3 {[%eval 164,0]} Qd3 {+1.4} 26. b3 Qe2
27. Bd4 Rb8 28. Qa5 b4 29. Nc4 Qe4 30. Be3 {[%eval 123,0]} Ra8 {+1.1} 31. Qxb4
Rxa2 32. Re1 {a tempo} h6 33. f3 Qg6 34. Bd2 Nd5 35. Qb5 {[%eval 106,0]} N5b6 {
+1.1} 36. Rd1 Qd3 {+0.0} 37. Qb4 {[%eval -34,0] a tempo;} Nd5 38. Qd6 {a tempo}
Qxb3 39. Rc1 Rxd2 40. Nxd2 $4 {a tempo; -1.72; Totalzeit 1.29'} (40. Qxd7 $11)
40... Qe3+ {-1.4; Totalzeit 1.49'} 41. Kh1 Qxd2 42. Ra1 N7b6 43. h3 Nc4 44.
Qb8+ Kh7 {a tempo} 45. Qb1+ g6 46. Ra7 {a tempo} Kg7 47. Rd7 {a tempo} Kf6 48.
Qa1+ Ke6 49. Rd8 {a tempo} Nce3 50. Re8+ {[%eval -159,0]} Ne7 {-1.5} 51. Qg1
Kd7 {a tempo} 52. Rb8 N7f5 53. Rb7+ {a tempo} Kc8 54. Rb1 Ng3+ 55. Kh2 {[%eval
-318,0]} Qd6 {-3.3} 56. Qc1+ Kd8 {a tempo} 57. Rb8+ Qxb8 {a tempo} 58. Qd2+ Kc8
{a tempo} 59. Qc3+ Kd7 60. Qd4+ Qd6 61. Qxd6+ 0-1

[Event "Mephisto Cup (40/120')"]
[Site "?"]
[Date "2012.??.??"]
[Round "1"]
[White "Saitek SH7034, Magellan"]
[Black "Mephisto ARM6, Montreux"]
[Result "0-1"]
[WhiteElo "2229"]
[BlackElo "2250"]
[Annotator "xchessg"]
[PlyCount "71"]
[SourceDate "2009.11.09"]

1. e4 {Activ} e5 2. Bc4 Bc5 3. Qh5 {*Turnierbuch; 0.0} Qe7 {*Turnierbuch; -06}
4. Qe2 Nf6 5. Nf3 d5 {[%emt 0:00:29]} 6. exd5 {0.0} e4 7. Ng1 c6 8. Nc3 b5 9.
Bb3 b4 10. Na4 {+0.1} Bd6 {85} 11. dxc6 {+0.5} Nxc6 {127} 12. Qc4 Bd7 13. Ne2
Na5 {a tempo} 14. Qa6 {+0.0} Nxb3 {a tempo} 15. axb3 O-O {116} 16. c3 Rfd8 17.
Qa5 Ng4 18. h3 {-0.1} Ne5 19. O-O {+0.2} Nd3 20. Ra2 Qh4 21. Ng3 {-1.5} Bxg3
22. fxg3 Qxg3 23. Qh5 {-2.3} Nf4 24. Rxf4 Qxf4 25. Qe2 Bxh3 {426} 26. Nc5 {-3.0
} Bf5 27. Qe1 Qg4 28. Ra4 Rac8 29. cxb4 Rc7 30. Ra5 Bg6 31. Ra1 h6 32. Ra4 Rd5
33. Ra1 Rh5 34. d3 {-4.0} exd3 35. Qe8+ Kh7 36. Qe1 {-6.1} 0-1

[Event "Mephisto Cup (40/120')"]
[Site "?"]
[Date "2012.??.??"]
[Round "2"]
[White "Mephisto ARM6, Montreux"]
[Black "Saitek SH7034, Magellan"]
[Result "1-0"]
[WhiteElo "2250"]
[BlackElo "2229"]
[Annotator "xchessg"]
[PlyCount "82"]
[SourceDate "2009.11.09"]

{Actif} 1. d4 Nf6 2. c4 e6 3. Nf3 d5 4. Bg5 Be7 5. Nc3 O-O 6. e3 Nbd7 7. Bd3 {
[%emt 0:00:33] *Turnierbuch;} c5 8. cxd5 exd5 {*Turnierbuch; -0.3} 9. Qb1 cxd4
10. Nxd4 {[%emt 0:00:31] a tempo;} Ne5 {+0.2} 11. O-O Nxd3 12. Qxd3 Be6 13.
Rac1 Rc8 14. Qb5 Rc7 {a tempo} 15. Bxf6 Bxf6 {a tempo} 16. Nxd5 Bxd5 17. Rxc7
Qxc7 18. Qxd5 Rd8 19. Qb5 h6 20. Qb4 a5 21. Qc3 Qxc3 {+0.9} 22. bxc3 {77} Rc8
23. Rc1 Kh7 24. g3 Rc5 25. c4 Rc8 26. Kg2 Rd8 27. Nf3 Kg6 {a tempo} 28. Rb1 Rc8
29. Rb6 Rc6 30. Rxc6 {194} bxc6 {+1.3} 31. Nd4 Bxd4 {+1.8} 32. exd4 Kf5 33. Kf3
Ke6 34. a4 f6 35. h4 g6 36. Ke3 f5 37. d5+ {233} cxd5 {+0.7} 38. Kd4 dxc4 39.
Kxc4 Kd6 {+1.5} 40. Kb5 Kd5 {+2.2} 41. Kxa5 Kc6 {2.5} 1-0

[Event "Mephisto Cup (40/120')"]
[Site "?"]
[Date "2012.??.??"]
[Round "3"]
[White "Saitek SH7034, Magellan"]
[Black "Mephisto ARM6, Montreux"]
[Result "0-1"]
[WhiteElo "2229"]
[BlackElo "2250"]
[Annotator "xchessg"]
[PlyCount "189"]
[SourceDate "2009.11.09"]

1. b4 d5 2. Bb2 Qd6 3. a3 e5 4. e3 Nf6 {[%emt 0:00:30] *Turnierbuch;} 5. c4
dxc4 6. Bxc4 {*Buch FL; +0.0} Qc6 7. Bf1 Nbd7 8. Nf3 e4 9. Nd4 Qb6 {a tempo}
10. Nc3 {+0.0} c5 {-14} 11. Na4 Qc7 12. bxc5 Nxc5 13. Rc1 b6 14. Nxc5 bxc5 15.
Qa4+ {+1.5} Bd7 {-17} 16. Nb5 Qb7 17. Bxf6 gxf6 18. Qa5 Rc8 19. Rb1 Qb8 20.
Qxa7 Qxa7 {a tempo; -62} 21. Nxa7 {+1.4} Rd8 22. Rb7 Rg8 23. g3 Rg6 24. Bc4 f5
25. Ke2 {+1.0} Bg7 {-81} 26. Nb5 Kf8 27. Rb1 Rh6 28. h4 Be5 29. a4 Rf6 30. Nc3
{+1.1} Bxc3 {-92} 31. dxc3 Bxa4 32. Rc7 {a tempo} Kg7 33. Rxc5 Rc6 34. Rxc6
Bxc6 35. Rb4 {+1.0} Rc8 {[%eval -113,0]} 36. Kd2 Rd8+ 37. Kc2 {a tempo} Rd7 38.
Bb3 Bd5 39. c4 Be6 40. Ba4 {a tempo; +1.1} Rc7 {-1.20; abgebrochen} 41. Kc3 Kf6
42. Bb3 Rd7 43. Bc2 Rc7 44. Ra4 Ke5 45. Ra5+ {+1.3} Kd6 {-113} 46. Bb3 Ke7 {a
tempo} 47. Ra8 Kf6 48. Rh8 Kg7 49. Rb8 Kf6 50. Rd8 {+1.1} Kg6 {-111} 51. Rf8
Rc6 52. Rg8+ Kf6 53. Rh8 Kg6 54. Rb8 {a tempo} Kg7 55. Rd8 Rc7 56. Rd6 Kf6 57.
Kd4 Rb7 58. Bc2 Ke7 {a tempo} 59. Ra6 Rd7+ 60. Kc3 Rc7 {-99} 61. Bb3 Kf6 62.
Ra4 Bd5 63. Ra5 Be6 64. Ra3 Kg6 65. Ra4 Rd7 66. Bc2 Rc7 67. Bd1 Kf6 68. Be2 Ke5
69. Ra5+ Kd6 70. Kd4 {+1.4} Rb7 {-129} 71. Ra6+ Ke7 72. Kc3 Rb1 73. Ra2 Kd6 74.
Kd4 Rc1 75. Rb2 Bd7 76. Rd2 Be6 77. h5 {a tempo} Ke7 78. c5 h6 79. Bb5 Rh1 80.
Rc2 {+0.6} Rxh5 {-104} 81. c6 Rh1 {a tempo} 82. c7 Bc8 83. Kd5 Rb1 84. Be2 f6
85. g4 {+0.0} fxg4 {[%emt 0:00:46]} 86. Kxe4 Rb4+ 87. Kd5 h5 88. Kc5 {a tempo}
Rb1 89. Bd3 {a tempo} h4 90. Rc4 Rb3 91. Bc2 {-0.2} Rb2 {169} 92. Bd1 {a tempo}
f5 {298} 93. f3 {+0.0} g3 {650} 94. Bc2 {-4.0} g2 {999} 95. Bxf5 {-5.9} 0-1

[Event "Mephisto Cup (40/120')"]
[Site "?"]
[Date "2013.??.??"]
[Round "4"]
[White "Mephisto ARM6, Montreux"]
[Black "Saitek SH7034, Magellan"]
[Result "0-1"]
[WhiteElo "2250"]
[BlackElo "2229"]
[Annotator "xchessg"]
[PlyCount "144"]
[SourceDate "2009.11.09"]

{Aktiv} 1. d4 c5 2. e4 cxd4 3. c3 dxc3 4. Nxc3 Nc6 5. Nf3 d6 6. Bc4 e6 7. O-O
Nf6 8. Qe2 Be7 9. Rd1 e5 10. h3 O-O {*Turnierbuch;-0.4} 11. Bg5 a6 12. Rac1 {
[%emt 0:00:04] *Randombook;} Be6 13. Bxf6 Bxf6 14. Nd5 Bg5 15. Nxg5 {-25} Qxg5
{-0.9} 16. Qd2 Qh4 17. Nc7 Bxc4 {a tempo} 18. Nxa8 Bxa2 {a tempo} 19. Nb6 Rd8
20. Qd3 {[%emt 0:00:31]} Be6 {-0.4} 21. Nd5 {a tempo} Rf8 22. Rc4 Rc8 23. Rc3
Qg5 24. Qd2 Qxd2 25. Rxd2 {[%emt 0:00:49]} Kf8 {-0.1} 26. Nb6 Rd8 27. f3 f5 28.
Nd5 Kf7 29. Rc1 Nd4 30. Nb6 {[%emt 0:00:40]} Re8 {-0.3} 31. Kf2 Kf6 32. Rd3 Rf8
33. Rc7 fxe4 34. fxe4 Kg6+ 35. Kg1 Rf7 36. Rg3+ Kf6 37. Rxf7+ Kxf7 38. Kf2 h6
39. Rc3 Nb5 40. Rc1 Kf6 {a tempo; -0.2} 41. Ke3 {68} Kg5 42. Nc4 Kh4 43. Kd3
Kg3 44. Ne3 g5 {a tempo} 45. Rf1 {79} Nd4 {-0.5} 46. Kd2 Ba2 47. b4 h5 48. Kd3
Ne6 {a tempo} 49. Kc3 Nf4 50. Rd1 {[%emt 0:00:46]} Kh2 {-0.9} 51. Rd2 Bb1 52.
Nf1+ Kg1 53. Rd1 Bd3 54. Ne3+ Kf2 55. Rxd3 {[%emt 0:00:08]} Ke2 {a tempo; -1.0}
56. Rxd6 Kxe3 57. Rd7 Nxg2 58. Rg7 {a tempo} Nf4 59. Rxg5 Kxe4 60. h4 {[%emt 0:
00:00]} b5 {+0.0} 61. Kb3 Kd5 62. Rf5 Ke6 63. Rg5 e4 64. Kc3 e3 65. Kc2 {[%emt
0:00:13]} e2 {-0.1} 66. Kd2 Kf6 67. Rg3 Kf5 68. Ra3 Kg4 69. Rxa6 Kxh4 70. Rb6 {
[%emt 0:00:00]} Kg3 {-0.9} 71. Rxb5 {-393} h4 {-1.0} 72. Rg5+ Kf2 {-3.2} 0-1

[Event "Mephisto Cup (40/120')"]
[Site "?"]
[Date "2013.??.??"]
[Round "5"]
[White "Saitek SH7034, Magellan"]
[Black "Mephisto ARM6, Montreux"]
[Result "1/2-1/2"]
[WhiteElo "2229"]
[BlackElo "2250"]
[Annotator "xchessg"]
[PlyCount "49"]
[SourceDate "2009.11.09"]

1. Nc3 Nf6 2. e4 e5 3. Bc4 Nxe4 4. Qh5 Nd6 5. Bb3 Nc6 6. Nb5 g6 7. Qf3 f5 8.
Qd5 {*Fullbook; +2.6} Qe7 9. Nxc7+ Kd8 10. Nxa8 b6 11. d3 Bb7 12. Nh3 {+2.0} h6
{-187} 13. Nxb6 axb6 14. Qf3 Nd4 15. Qg3 Qf6 {a tempo} 16. Ng1 f4 17. Qg4 h5
18. Qh3 {0.0} g5 {[%emt 0:00:00]} 19. f3 {a tempo} g4 20. fxg4 hxg4 21. Qxg4
Rh4 22. Qg8 Rh8 23. Qg4 Rh4 24. Qg8 Rh8 25. Qg4 1/2-1/2

[Event "Mephisto Cup (40/120')"]
[Site "?"]
[Date "2013.??.??"]
[Round "6"]
[White "Mephisto ARM6, Montreux"]
[Black "Saitek SH7034, Magellan"]
[Result "0-1"]
[WhiteElo "2250"]
[BlackElo "2229"]
[Annotator "xchessg"]
[PlyCount "90"]
[SourceDate "2009.11.09"]

{Aktiv} 1. c4 d6 2. d4 {[%emt 0:00:16] *Randombook;} e5 3. Nf3 {bib} exd4 {
*Fullbook; -0.1} 4. Nxd4 {[%emt 0:00:16] *Randombook;} Be7 5. Nc3 Bf6 6. e4 Ne7
7. Be2 {a tempo} Nbc6 8. Be3 O-O 9. O-O Re8 10. Nxc6 {[%emt 0:00:03]} Nxc6 {-0.
4} 11. Qd2 Bxc3 12. Qxc3 {a tempo} Rxe4 {-0.5} 13. Bd3 {a tempo; -38} Re8 14.
Rfe1 {a tempo} Be6 15. f4 d5 16. Qc2 Qh4 17. Bf2 Qxf4 18. Bxh7+ Kh8 {a tempo}
19. cxd5 Bxd5 20. Bf5 {-79} Nd4 {-1.1} 21. Qd3 Qxf5 22. Qxd4 Rxe1+ 23. Rxe1
Bxa2 24. Qc3 Bd5 25. Qxc7 Qg4 {a tempo; -1.0} 26. Qg3 Qxg3 {a tempo} 27. Bxg3
Rc8 28. Rd1 Bb3 29. Rd2 a5 30. Kf2 {-53} b5 {-1.0} 31. Ke3 Kh7 32. Ke4 Kg6 33.
Kf3 Kf5 34. Bf4 Rc2 {a tempo} 35. g4+ Ke6 {a tempo; -0.9} 36. Rxc2 {-52} Bxc2 {
-0.8} 37. Bd2 b4 38. Kf4 {a tempo} Kd5 39. h4 Kc4 40. Bc1 {-157} Kb3 {-2.2} 41.
h5 Bh7 42. g5 Kc2 43. Be3 Kxb2 {a tempo; -2.1} 44. Bd4+ {-433} Kc2 {a tempo}
45. Bxg7 b3 {a tempo} 0-1

[Event "Mephisto Cup (40/120')"]
[Site "?"]
[Date "2013.??.??"]
[Round "7"]
[White "Saitek SH7034, Magellan"]
[Black "Mephisto ARM6, Montreux"]
[Result "1/2-1/2"]
[WhiteElo "2229"]
[BlackElo "2250"]
[Annotator "xchessg"]
[PlyCount "140"]
[SourceDate "2009.11.09"]

1. g3 e5 {Aktiv} 2. e3 {*Fullbook; -0.3} d5 {[%emt 0:00:27] *Randombook;} 3. d4
Nc6 4. Bg2 Nf6 5. Ne2 Bg4 6. O-O Qd7 7. f3 Bh3 8. Bxh3 Qxh3 {a tempo} 9. dxe5
Nxe5 10. Nf4 {+0.3} Qd7 {[%emt 0:00:41]} 11. Qd4 Nc6 12. Qd2 O-O-O 13. Nd3 {a
tempo} Bd6 14. Na3 a6 15. b4 Qe7 16. Rb1 Rhe8 17. b5 {+0.0} Bxa3 {71} 18. bxc6
b6 19. Re1 Bxc1 20. Nxc1 Rd6 21. Qd3 b5 {a tempo} 22. a4 Rxc6 23. axb5 Rb6 24.
Rb3 a5 25. Qc3 {+1.1} a4 {-16} 26. Rb4 {a tempo} c5 27. Nd3 c4 28. Rxa4 Qc7 29.
Nf2 Rxb5 30. Rea1 {a tempo; +1.2} Qb6 {-10} 31. e4 Kb7 {a tempo} 32. R4a3 {+0.2
} Re6 33. exd5 Rb1+ 34. Rxb1 Qxb1+ 35. Kg2 Nxd5 36. Qxc4 Ne3+ 37. Rxe3 {a tempo
} Rxe3 38. Qxf7+ {a tempo} Ka6 39. Qxg7 {a tempo} Re1 40. Qh6+ {+0.9} Kb5 {-90}
41. Qg5+ Kc6 42. Qd2 Rg1+ 43. Kh3 {a tempo} Qf1+ 44. Kg4 Qc4+ 45. f4 h5+ 46.
Kxh5 Rg2 47. Kg4 Rxh2 48. Kf3 Kc7 49. Qa5+ Kb7 50. c3 Qf1 51. Qd5+ Kc7 52. Qc5+
Kd7 53. Qe3 Kc6 54. f5 Qg2+ 55. Ke2 Qd5 56. Qf3 Rh8 57. Qe4 Kd6 58. Qd4 Re8+
59. Kd3 Kc6 60. Qxd5+ {+1.8} Kxd5 {-104} 61. f6 Rd8 62. Ne4 Ke5+ 63. Ke3 Rg8
64. c4 Ra8 65. f7 {+0.6} Rf8 {-16} 66. Ng5 Kf5 67. Nf3 Rxf7 68. g4+ Kf6 69. Kf4
Rc7 70. Nd2 {+0.0} Kg6 {[%emt 0:00:05]} 1/2-1/2

[Event "Mephisto Cup (40/120')"]
[Site "?"]
[Date "2013.??.??"]
[Round "8"]
[White "Mephisto ARM6, Montreux"]
[Black "Saitek SH7034, Magellan"]
[Result "1-0"]
[WhiteElo "2250"]
[BlackElo "2229"]
[Annotator "xchessg"]
[PlyCount "110"]
[SourceDate "2009.11.09"]

{\/Aktiv} 1. d4 d5 2. c4 e6 3. Nf3 c5 4. cxd5 exd5 5. Nc3 Nc6 6. g3 Nf6 7. Bg2
Be7 8. O-O O-O 9. Bg5 cxd4 10. Nxd4 h6 11. Be3 Bg4 12. h3 Be6 {*Fullbook; +0.5}
13. Rc1 Rc8 14. Qa4 {[%emt 0:00:40] *Randombook;} Qd7 15. Nxe6 fxe6 16. Rfd1 a6
{a tempo} 17. f4 Qd6 18. Bf2 Qb8 {a tempo} 19. e4 {179} dxe4 {+0.4} 20. Qb3 Nd8
21. Nxe4 Rxc1 22. Rxc1 Nxe4 {a tempo} 23. Bxe4 b5 24. Bd4 Bf6 {a tempo} 25. Bc5
{153} Rf7 {+0.9} 26. Rd1 {a tempo} Rc7 27. Qe3 Nf7 28. b4 e5 29. Bd5 Rd7 30.
Qe4 {163} exf4 {+0.1} 31. gxf4 Kh8 32. Qe6 Qd8 33. Rd3 Bb2 34. Kh2 Bc1 35. Kg3
Nd6 {a tempo} 36. Kf3 Nf7 {a tempo} 37. Rd1 Bb2 38. h4 Bf6 39. h5 Bb2 40. Kg2 {
177} Bf6 {a tempo; +0.0} 41. Kh2 Bb2 42. Kg1 Bf6 43. Kg2 {a tempo} Bb2 44. Kf3
Bc3 45. Ke2 {169} a5 {+0.2} 46. Bb6 Qe7 {a tempo} 47. bxa5 Qxe6+ 48. Bxe6 Re7
49. f5 Ng5 {a tempo} 50. Kd3 Bf6 51. Bd5 Nh3 52. Kc2 Re2+ 53. Rd2 Rxd2+ 54.
Kxd2 Nf4 {+3.6} 55. Bf3 {a tempo; 747} Be5 {+4.5} 1-0

[Event "Mephisto Cup (40/120')"]
[Site "?"]
[Date "2013.??.??"]
[Round "9"]
[White "Saitek SH7034, Magellan"]
[Black "Mephisto ARM6, Montreux"]
[Result "1-0"]
[WhiteElo "2229"]
[BlackElo "2250"]
[Annotator "xchessg"]
[PlyCount "143"]
[SourceDate "2009.11.09"]

1. c4 e6 {Aktiv} 2. d4 Nf6 3. g3 d5 4. Bg2 Be7 5. Nf3 O-O 6. O-O Nbd7 7. Qc2 b6
8. cxd5 Nxd5 9. Nc3 Bb7 10. Nxd5 exd5 11. Bf4 {*Fullbook; +0.1} c5 {*
Randombook; -68} 12. Rad1 Re8 13. dxc5 bxc5 14. Rfe1 Qb6 15. e4 {+0.2} d4 {-19}
16. b4 Rad8 17. bxc5 Bxc5 18. Rb1 {a tempo} Qc6 19. Bg5 Rc8 20. Bh3 {a tempo;
-0.1} Bb6 {[%emt 0:00:21]} 21. Qxc6 Bxc6 22. Rec1 Rxe4 23. Rxb6 {+0.6} axb6 24.
Bf5 {a tempo: -1.0} Ree8 {-40} 25. Rxc6 {a tempo} Rxc6 26. Bxd7 Rc3 27. Bxe8
Rxf3 28. Ba4 Rf5 {a tempo} 29. Bd2 b5 30. Bd1 {+0.3} Rd5 {-27} 31. Kf1 d3 32.
Ke1 h6 33. Bc3 Rd7 34. Kd2 Ra7 35. Bb3 {+2.1} Rd7 {-158} 36. a4 {a tempo} bxa4
37. Bxa4 Rd5 38. Bb3 Rd8 39. Bc4 {a tempo} g5 40. f3 {+2.2} Kf8 41. h4 {a tempo
} Ke7 42. Bb4+ {a tempo} Kf6 43. Ke3 Rb8 44. Bc3+ Ke7 45. Bxd3 Rc8 {-169} 46.
Bg7 gxh4 47. gxh4 h5 48. Kf4 Rc5 49. Be5 Ke6 50. Bd4 Ra5 51. Bb6 Ra3 52. Bc4+
Kf6 53. Bd4+ Kg6 54. Bb5 Kh7 55. Bc6 Kh6 56. Be4 Ra6 57. Kf5 Ra4 58. Be5 {+3.0}
Ra5 {-313} 59. f4 Kh7 60. Kf6+ Kg8 61. Ke7 Ra7+ 62. Ke8 Ra5 63. Bf3 f5 64. Bxh5
Kh7 65. Ke7 Kh6 66. Bd1 Ra6 67. Kf7 Rc6 68. Bf6 Kh7 69. Bg5 Rc1 70. Bb3 Rc5 71.
Kf6 Rc8 72. Kxf5 1-0

[Event "Mephisto Cup (40/120')"]
[Site "?"]
[Date "2013.??.??"]
[Round "10"]
[White "Mephisto ARM6, Montreux"]
[Black "Saitek SH7034, Magellan"]
[Result "1-0"]
[WhiteElo "2250"]
[BlackElo "2229"]
[Annotator "xchessg"]
[PlyCount "62"]
[SourceDate "2009.11.09"]

{Aktiv} 1. c4 c5 2. Nf3 Nc6 3. Nc3 Nf6 4. e3 e6 {*Fullbook; +0.1} 5. d4 cxd4 6.
exd4 {[%emt 0:00:08] *Randombook;} Bb4 {a tempo} 7. d5 Ne7 8. Qb3 {a tempo} Ba5
9. d6 Nf5 {a tempo} 10. Bd3 {67} Nxd6 {-0.9} 11. O-O O-O 12. Bf4 {a tempo} Nde8
13. Rad1 b6 14. Ng5 h6 15. Nge4 {a tempo} Bb7 16. Bc2 Qc8 17. Nxf6+ Nxf6 18.
Bd6 Re8 19. f3 Ba6 {a tempo} 20. Nb5 {71} Qc6 {-0.7} 21. Bd3 Rec8 22. a4 Kh8
23. Qa3 e5 {+0.6} 24. b3 Re8 25. Be2 Nh5 26. g3 Re6 27. b4 {354} Nf4 {+2.3} 28.
gxf4 exf4 {a tempo} 29. Qb2 Rae8 30. Rf2 Bxb4 {+2.8} 31. Bxb4 Rg6+ {+3.7} 1-0

[Event "Mephisto Cup (40/120')"]
[Site "?"]
[Date "2010.??.??"]
[Round "1"]
[White "Mephisto 68030, London"]
[Black "Saitek SH7034, Magellan"]
[Result "0-1"]
[WhiteElo "2270"]
[BlackElo "2229"]
[Annotator "xchessg"]
[PlyCount "59"]
[SourceDate "2009.11.09"]

1. c4 {Stil Riskant, Remis fakt +0.25, Bauer 70%, Figuren 80%} e5 2. Nc3 Nf6 3.
Nf3 Nc6 4. g3 d5 5. cxd5 Nxd5 6. Bg2 Be6 $5 ({Main stream ist} 6... Nb6) 7. O-O
{*Turnier, Modern} Be7 8. d4 Nxc3 {*Turnierbuch} 9. bxc3 {a Tempo} O-O $6 {
Typisch Magellan.} (9... e4 10. Nd2 f5 11. Rb1 Rb8 12. Qa4 O-O 13. f3 exf3 14.
Bxf3 Qd7 $5 $13 {Psakhis}) 10. Nxe5 (10. dxe5 $5) 10... Nxe5 11. dxe5 c6 12.
Rb1 Qc7 13. Qc2 {a Tempo} Bc5 14. Rd1 Rad8 {Weiss hat ein ziemlich wertlose
Mehrbauer: Weil auch die a- und c-Bauern Deckung beduerfen.} 15. Bf4 {[%eval
64,0] Eval} h6 {a Tempo, Eval +0.5} 16. Rd3 Bf5 17. e4 Rxd3 18. Qxd3 Be6 19. a4
Rd8 20. Qf3 a6 21. Be3 Bxe3 22. Qxe3 Qa5 23. Bf1 Rd7 24. Qa7 Qxa4 {a Tempo} 25.
f3 {[%eval -54,0] Eval} Qc2 {Eval -1.5} 26. Qb6 Qxc3 {a Tempo} 27. f4 Rd2 28.
Bg2 c5 29. Qxb7 Bh3 30. Qc8+ 0-1

[Event "Mephisto Cup (40/120')"]
[Site "?"]
[Date "2010.??.??"]
[Round "2"]
[White "Saitek SH7034, Magellan"]
[Black "Mephisto 68030, London"]
[Result "1/2-1/2"]
[WhiteElo "2229"]
[BlackElo "2270"]
[Annotator "xchessg"]
[PlyCount "111"]
[SourceDate "2009.11.09"]

1. e4 Nf6 {Stil Riskant, Remis Faktor +0.25, Bauer 70%, Figuren 80%} 2. e5 Nd5
3. d4 d6 4. c4 Nb6 5. exd6 exd6 6. Nc3 Be7 7. Bd3 Nc6 8. Nge2 O-O 9. O-O Bf6
10. Be3 Nb4 {*Turnier, Modern} 11. b3 Nxd3 12. Qxd3 Bd7 13. Rad1 Re8 14. Rfe1 {
*Turnierbuch} Bg5 15. Bxg5 Qxg5 16. Ne4 Qg6 17. Nf4 Qf5 18. Qf3 Bc6 19. d5 Bd7
{a Tempo} 20. Rd3 Re5 21. Rde3 Rae8 22. Nd3 Qxf3 23. gxf3 Rh5 24. Nf6+ gxf6 25.
Rxe8+ Bxe8 26. Rxe8+ Kg7 27. Rb8 c6 28. Rxb7 {a Tempo} cxd5 29. Nf4 Rf5 {a
Tempo} 30. Nxd5 Nxd5 {a Tempo} 31. cxd5 a5 32. Rb5 a4 33. bxa4 Rxf3 {a Tempo}
34. Rb3 Rf5 35. Rd3 Rf4 36. Ra3 Rb4 37. a5 Rb7 38. Rb3 {a Tempo} Ra7 39. Rb5
Kg6 {[%eval -68,0] eval} 40. Kg2 {eval +1.5} Kf5 41. a4 Ke4 42. Kg3 f5 {a Tempo
} 43. h3 f6 {a Tempo} 44. f3+ Ke5 {a Tempo} 45. Kf2 {eval +1.4} f4 {eval-0.48}
46. h4 h5 47. Ke1 f5 48. Kd2 Kd4 49. Ke2 {a Tempo} Ra8 {[%eval -9,0] eval} 50.
Kf2 Ra7 {a Tempo} 51. Kf1 {eval +0.0} Ke3 {[%eval 0,0] eval} 52. Rb3+ Kd4 53.
Rb4+ Ke3 54. Rb3+ Kd4 55. Rb4+ Ke3 56. Rb3+ 1/2-1/2

[Event "Mephisto Cup (40/120')"]
[Site "?"]
[Date "2012.??.??"]
[Round "3"]
[White "Mephisto 68030, London"]
[Black "Saitek SH7034, Magellan"]
[Result "1-0"]
[WhiteElo "2270"]
[BlackElo "2229"]
[Annotator "xchessg"]
[PlyCount "62"]
[SourceDate "2009.11.09"]

{aktiv; RF} 1. c4 e5 2. Nc3 Nf6 3. Nf3 Nc6 4. g3 Bb4 5. Bg2 O-O 6. O-O e4 7.
Ng5 Bxc3 8. bxc3 Re8 9. f3 exf3 {*Turnierbuch; +0.5} 10. Nxf3 d5 11. d4 Ne4 12.
Qc2 dxc4 13. Rb1 Bf5 {-0.2} 14. Nh4 {[%eval 27,0] *Turnierbuch modern;} Nxg3 {
a tempo} 15. Nxf5 Rxe2 {a tempo} 16. Bd2 Rxg2+ {a tempo} 17. Kxg2 {a tempo}
Nxf1 18. Rxf1 Ne7 19. Qe4 Nxf5 20. Rxf5 c6 {+1.9} 21. Re5 Rc8 22. Re7 Rb8 23.
Bf4 Kf8 24. Rc7 {a tempo} Qd5 25. Qxd5 cxd5 26. Rd7 Ke8 27. Rxd5 Rc8 28. Kf3 f6
29. Ke4 a6 30. Rd6 {[%eval 233,0]} Rc6 {+2.7} 31. Kd5 {[%eval 254,0]} Rxd6+ {
+3.0} 1-0